| 000 | 00721nam a2200229 a 4500 | ||
|---|---|---|---|
| 008 | |||
| 049 | 0 | _aMAIN | |
| 090 | _aQL751 DET | ||
| 100 | 1 | _aDethier, V. G. | |
| 245 | 1 | 0 |
_aAnimal behaviour : _bits evolutionary and neurological basis / _cV. G. Dethier, Eliot Stellar. |
| 260 |
_aEaglewood Cliffs : _bPrentica-Hall, _c1961. |
||
| 300 |
_aix, 118 p. : _bill. ; _c23 cm. |
||
| 500 | _aIncludes index. | ||
| 504 | _aIncludes bibliographical references. | ||
| 650 | 1 |
_aAnimal behaviour _xevolution |
|
| 650 |
_aAnimal behaviour _xneurology |
||
| 907 |
_a.b10232151 _b15-02-07 _c15-02-07 |
||
| 003 | |||
| 005 | 20230123134359.0 | ||
| 040 | _cNUST | ||
| 942 |
_cBOOKS _kQL751 DET |
||
| 999 |
_c164927 _d164927 |
||